00425nam a22001217a 450000500170000000800410001704000180005810000240007624501080010026000480020830000230025665000240027920250303131908.0250303b |||||||| |||| 00| 0 eng d aKMUcKMUdKMU aMubanga, Bernadette aComparing the Effects of Chicken Manure and Urea on the Diversity of Phytoplankton/cBernadette Mubanga aChinsali:bKapasa Makasa University,c2021. a21p.:bill;c30 cm aFisheries and Aquac